Supply chain mapping, sustainability, and industry 4.0 / (Record no. 51997)

MARC details
000 -LEADER
fixed length control field 00801nam a2200265Ia 4500
005 - DATE AND TIME OF LATEST TRANSACTION
control field 20260429112031.0
008 - FIXED-LENGTH DATA ELEMENTS--GENERAL INFORMATION
fixed length control field 260429s9999||||xx |||||||||||||| ||und||
020 ## - INTERNATIONAL STANDARD BOOK NUMBER
International Standard Book Number 9781032305806
041 ## - LANGUAGE CODE
Language English
082 ## - DEWEY DECIMAL CLASSIFICATION NUMBER
Classification number 658.7
Item number MUB
100 ## - MAIN ENTRY--PERSONAL NAME
Personal name Mubarik, Muhammad Shujaat
245 #0 - TITLE STATEMENT
Title Supply chain mapping, sustainability, and industry 4.0 /
Statement of responsibility, etc Muhammad Shujaat Mubarik
250 ## - EDITION STATEMENT
Edition statement 1st ed.
260 ## - PUBLICATION, DISTRIBUTION, ETC. (IMPRINT)
Place of publication, distribution, etc United Kingdom :
Name of publisher, distributor, etc Routledge,
Date of publication, distribution, etc 2024.
300 ## - PHYSICAL DESCRIPTION
Extent xviii, 144 p.; hb
440 ## - SERIES STATEMENT/ADDED ENTRY--TITLE
Title Routledge advances in production and operations management
650 ## - SUBJECT ADDED ENTRY--TOPICAL TERM
Topical term or geographic name as entry element Supply chain
650 ## - SUBJECT ADDED ENTRY--TOPICAL TERM
Topical term or geographic name as entry element Supply management
650 ## - SUBJECT ADDED ENTRY--TOPICAL TERM
Topical term or geographic name as entry element Management
700 ## - ADDED ENTRY--PERSONAL NAME
Personal name Brown, Steve
700 ## - ADDED ENTRY--PERSONAL NAME
Personal name Khan, Sharfuddin Ahmed
700 ## - ADDED ENTRY--PERSONAL NAME
Personal name Kusi-Sarpong, Simonov
700 ## - ADDED ENTRY--PERSONAL NAME
Personal name Zaman, Syed Imran
942 ## - ADDED ENTRY ELEMENTS (KOHA)
Koha item type Text Books
Holdings
Withdrawn status Lost status Damaged status Not for loan Collection code Home library Location Shelving location Date of Cataloging Source of acquisition Total Checkouts Full call number Barcode Date last seen Price effective from Koha item type
        Non-fiction CUTN Central Library CUTN Central Library Medicine, Technology & Management 29/04/2026 Overseas Press, New Delhi - Invoice No. IN32831 on 09-02-2026   658.7 MUB 57040 29/04/2026 29/04/2026 Text Books